Ботаника (Запис номер 408994)
[ съкратено ]
| 000 -Лидер | |
|---|---|
| Контролно поле с фиксирана дължина | 01466nam a2200337 c 4500 |
| 003 - Код на организацията, давaща контролен номер | |
| Контролно поле | BLK |
| 005 - Дата и час на последна редакция | |
| Контролно поле | 20210416121551.0 |
| 008 - Елементи от данни с фиксирана дължина | |
| fixed length control field | 180409b bul|||||r ||||||| ||bul|| |
| 010 ## - Наследен системен номер | |
| LC control number | KNG00136076000 |
| 040 ## - Източник на каталожния запис | |
| Идентификатор на билиотеката - собственик на записа | BLK |
| 041 ## - Код за език | |
| Код за езика на текст/звукозапис или на отделно заглавие | Български |
| Код за езика КДБФ | Български |
| 080 ## - УДК | |
| Текстов определител УДК | Систематична (специална) ботаника. Вж и 561; 57.06. Защита на отделните видове растения вж 502.7 |
| УДК код - определител по УДК | 582 |
| УДК определител | (075.8) |
| УДК - код + определител | 582(075.8) |
| 100 1# - Редна дума - Автор | |
| Автор | Попов, Кирил Йорданов |
| Авторска отговорност | първи автор |
| R(LIN) | 322153 |
| 139 ## - Редно поле | |
| Редна дума | Ботаника |
| Авторски знак | Бот - Б 69 |
| 245 10 - Сведения за заглавието | |
| Заглавие | Ботаника |
| Подзаглавни данни | За I и II курс на учителските инст. |
| Редно поле (дума) | Кирил Йорданов Попов, И. Ганчев, Б. Китанов, А. Коцев |
| 257 ## - Страна на издаване | |
| Страна на създаване/издаване | България |
| 260 ## - Област на издателските данни | |
| Име на издателя, разпространителя и проч. | Нар. просв. |
| Година на издаване | 1954 |
| Място на издаване, разпространение и проч. | София |
| 300 ## - Физическа характеристика | |
| Страници | 664 с. |
| Илюстрации и др. | с ил. |
| Размери/Мащаб | 21 см |
| 380 ## - Жанр | |
| Жанр | Естествени науки. Математика |
| 500 ## - Общи забележки | |
| Забележка | Други авт. : Иван Ганчев, Борис Китанов, Андрей Коцев. - 1. изд. 1953. - 800 тир. |
| 650 #4 - Допълнително описание по предмет – тема | |
| Основно описание – тема или топоним | Ботаника - учебници за ВУЗ |
| 9 (RLIN) | 245174 |
| 650 #4 - Допълнително описание по предмет – тема | |
| Основно описание – тема или топоним | Растения - систематика - определители |
| 9 (RLIN) | 249590 |
| 653 ## - Ключова дума – ненормативна | |
| Ключова дума | ботаника |
| 653 ## - Ключова дума – ненормативна | |
| Ключова дума | учебници за ВУЗ |
| 852 ## - Местоположение | |
| Форматна сигнатура | Цб 5.235.44082 |
| 999 ## - СИСТЕМНИ КОНТРОЛНИ НОМЕРА | |
| Koha biblionumber | 408994 |
| Koha biblioitemnumber | 408994 |
| 942 ## - АРТИКУЛИ | |
| Вид на библиотечния материал | Книги |
| Скрит в OPAC | Не |
| Периодичен библиозапис | Да |
| 944 ## - СЪЗДАВАНЕ И РЕДАКЦИЯ на ЗАПИСА | |
| Създаване/Редакция | Създаване |
| Дата на регистрацията/редакция | 2021-04-16 |
| Статус, дата на статуса | 2021-04-16 |
| Служител, извършил регистрацията/редакцията | Виолета_Тройчева |
| Код за отписване | Код за изгубен артикул | Източник на класификационната схема | Код за повреда | Коз за рестрикции | Код за отдаване | Артикулен № | Име на библиотеката - собственик | Име на библиотеката, в която се намира в момента | Статус (Текущо местоположение) | Дата на вписване в системата | Местоположение - отдел | Цена в лева | Инвентарен номер | Систематично азбучна сигнатура | Баркод | Цена в евро | Служебен тип на артикула |
|---|---|---|---|---|---|---|---|---|---|---|---|---|---|---|---|---|---|
| Не е изгубен | Universal Decimal Classification | Не е повреден | само за читалня | ползва се в читалня | 824564 | Регионална библиотека "Любен Каравелов" Русе | Регионална библиотека "Любен Каравелов" Русе | Хранилище | 2021-04-19 | Основен фонд - ползва се само за читалня | 2.10 | 1225/55 | Цб 5.235.44082 | 900000055235 | 1.07 | Книги |